000 00476nam a2200193Ia 4500
008 101110s9999 xx 000 0 und d
041 _aMARATHI
082 _bSR12963
100 _aNatu A.R.
245 _aVyaparvishayak Ani Audyogik Kayade
365 _b10
520 _aCommerce
546 _aMARATHI
630 _aVyaparvishayak Ani Audyogik Kayade
650 _aCommerce
655 _aCommerce
730 _aVyaparvishayak Ani Audyogik Kayade
942 _cBOOK
999 _c807276
_d807273